New guidance on fire safety (Record no. 62322)

MARC details
000 -LEADER
fixed length control field 01044cam a2200205 4500
001 - CONTROL NUMBER
control field WB3604-03
008 - FIXED-LENGTH DATA ELEMENTS--GENERAL INFORMATION
fixed length control field 000000n2000 000 0 eng u
035 ## - SYSTEM CONTROL NUMBER
System control number (Sirsi) u103787
245 ## - TITLE STATEMENT
Title New guidance on fire safety
260 ## - PUBLICATION, DISTRIBUTION, ETC.
Date of publication, distribution, etc. 2000
490 ## - SERIES STATEMENT
Series statement DETR News Release
Volume/sequential designation (036) 20 January 2000 (2)
520 ## - SUMMARY, ETC.
Summary, etc. New guidance on meeting fire safety in England and Wales updates guidance published in 1992. Included for the first time is guidance on fire alarm and fire detection systems within all relevant buildings and not just dwellings. The new document "Approved document to support Part B: fire safety" (2000 edition, ISBN 185112 3512, £9.00) is published by the DETR, tel: 01709 891318. It is also available on the DETR web site at htttp://www.construction.detr.gov.uk/br.
590 ## - LOCAL NOTE (RLIN)
Local note WB
650 ## - SUBJECT ADDED ENTRY--TOPICAL TERM
Topical term or geographic name entry element FIRE SAFETY REGULATIONS
650 ## - SUBJECT ADDED ENTRY--TOPICAL TERM
Topical term or geographic name entry element GUIDANCE
650 ## - SUBJECT ADDED ENTRY--TOPICAL TERM
Topical term or geographic name entry element BUILDING REGULATIONS 1991 PART B
650 ## - SUBJECT ADDED ENTRY--TOPICAL TERM
Topical term or geographic name entry element BUILDING REGULATIONS (AMENDMENT) REGULATIONS 1999
690 ## - LOCAL SUBJECT ADDED ENTRY--TOPICAL TERM (OCLC, RLIN)
Topical term or geographic name as entry element BUILT ENVIRONMENT-BUILDING STANDARDS
942 ## - ADDED ENTRY ELEMENTS (KOHA)
Suppress in OPAC 0
Holdings
Withdrawn status Lost status Source of classification or shelving scheme Damaged status Not for loan Home library Current library Shelving location Date acquired Total Checkouts Full call number Barcode Date last seen Copy number Price effective from Koha item type
    Dewey Decimal Classification     London London News article 28/01/2000   WB3604-03 103787-1001 06/08/2019 1 06/08/2019 News article